Culture Générale - Série 2133 - Statistiques

Statistiques générales
  • Ce quiz a été pris 122 fois
  • Le résultat moyen est 5 sur 10
Statistiques - réponses
Question Réponse % Correct
Dans quelle pièce de Molière trouve-t-on le personnage d'Harpagon ? L'avare
77%
Qui a composé "Lettre à Elise" en 1810 ? Ludwig van Beethoven
77%
Dans quel art Patrick Modiano a-t-il reçu le prix Nobel en 2014 ? littérature
74%
Dans quel pays d'Asie se trouve l'état de Goa ? Inde
70%
Que signifie le G du sigle GMT (heure moyenne) ? Greenwich
61%
Dans quelle région de France se trouvent les monts d'Arrée ? Bretagne
53%
Quelle est la capitale de l'état de l'Alaska, des Etats Unis ? Juneau
50%
De quel pays africain Robert Mugabe a-t-il été président de la République de 1987 à 2017 ? Zimbabwe
35%
Quel médecin né en 1875 à Kaysersberg (68) a développé un hôpital au Gabon près du fleuve Ogooué. Il a reçu le prix Nobel de la paix en 1952 ? - prénom et nom - voir photo Albert Schweitzer
26%
Comment appelle-t-on la variété d'orange amère utilisée en cuisine, en confiserie, en parfumerie, ainsi que pour la fabrication de certaines boissons, dont le curaçao ? bigarade
7%
Aucun quiz correspondant
Distribution des résultats
% des personnes avec chaque résultat
Percentile par nombre de réponses
Votre historique - résultats
Vous n’avez pas pris ce quiz